Manual do fabricante de tintas, vernizes e oleos e de todos os segredos de officinas [Producao vegetal; Producao animal; Industria florestal; Industrializacao] (Registro n. 260221)
[ somente texto ]
| 000 -LÍDER | |
|---|---|
| campo de controle de tamanho fixo | 00883nac a22002657a 4500 |
| 001 - NÚMERO DE CONTROLE | |
| campo de controle | BR1900001 |
| 003 - IDENTIFICADOR DO NÚMERO DE CONTROLE | |
| campo de controle | BR-BrBNA |
| 005 - DATA E HORÁRIO DA ÚLTIMA TRANSAÇÃO | |
| campo de controle | 20241007123958.0 |
| 008 - CAMPO DE DADOS FIXOS--INFORMAÇÃO GERAL | |
| campo de controle de tamanho fixo | 230509b bl.|||m| |||| 00| 0 por d |
| 040 ## - FONTE DA CATALOGAÇÃO | |
| Instituição da catalogação original | BR-BrBNA |
| Idioma da catalogação | por |
| Instituição que transcreveu o registro | Biblioteca Nacional de Agricultura |
| 072 ## - CÓDIGO DE CATEGORIA DE ASSUNTO | |
| Código de Categoria de Assunto | F00; L00; K50 |
| 090 ## - NÚMERO DE CHAMADA LOCAL | |
| Número de chamada | F00 BR1900001 OBR |
| Chave BR | 2024-5564 |
| 100 1# - ENTRADA PRINCIPAL--NOME PESSOAL | |
| Nome pessoal | Mascarenhas, A. |
| 245 1# - TÍTULO | |
| Título | Manual do fabricante de tintas, vernizes e oleos e de todos os segredos de officinas [Producao vegetal; Producao animal; Industria florestal; Industrializacao] |
| 260 3# - PUBLICAÇÃO, DISTRIBUIÇÃO, ETC. | |
| Local de publicação, distribuição, etc. | Rio de Janeiro, GB (Brasil): |
| Nome do editor, distribuidor, etc. | Quaresma, |
| Data da publicação, distribuição, etc. | 1919. |
| 300 ## - DESCRIÇÃO FÍSICA | |
| Extensão | 426 p. |
| 490 ## - TÍTULO DA SÉRIE | |
| Título da série | Bibliotheca Industrial Moderna (Brazil) |
| Número do volume ou designação sequencial da série | no. 3 |
| 650 ## - ASSUNTO--TERMO TÓPICO | |
| Cabeçalho tópico ou nome geográfico | Producao vegetal |
| 650 ## - ASSUNTO--TERMO TÓPICO | |
| Cabeçalho tópico ou nome geográfico | Producao animal |
| 650 ## - ASSUNTO--TERMO TÓPICO | |
| Cabeçalho tópico ou nome geográfico | Industria florestal |
| 650 ## - ASSUNTO--TERMO TÓPICO | |
| Cabeçalho tópico ou nome geográfico | Oleo |
| 650 ## - ASSUNTO--TERMO TÓPICO | |
| Cabeçalho tópico ou nome geográfico | Verniz |
| 650 ## - ASSUNTO--TERMO TÓPICO | |
| Cabeçalho tópico ou nome geográfico | Industrializacao |
| 942 ## - ELEMENTOS DE ENTRADA ADICIONADOS (KOHA) | |
| Fonte da classificação ou esquema de arquivamento na estante | Classificação AGRIS |
| Ocultar no OPAC | Não |
| Tipo de material Koha | Monografia Seriada |
| Situação do descarte | Fonte da classificação ou esquema de arquivamento na estante | Situação física | Não pode ser emprestado | Coleção | Biblioteca de origem | Biblioteca atual | Localização na estante | Total de empréstimos | Número de telefone completo | Código de barras | Data de último acesso | Tipo de material Koha | Situação das perdas | Data de aquisição | Fonte de aquisição | Qualificador de local codificado | Custo, preço normal de compra | Número do inventário | Custo, preço de reposição | Preço efetivo de |
|---|---|---|---|---|---|---|---|---|---|---|---|---|---|---|---|---|---|---|---|---|
| Classificação AGRIS | Obras Raras | Biblioteca Nacional de Agricultura - Binagri | Biblioteca Nacional de Agricultura - Binagri | Agrobase - Obras Raras | F00 BR1900001 OBR | 2024-5564 | 18/12/2023 | Monografia Seriada | Portaria Interministerial nº 164/94 |

BINAGRI